00796cac a22002051u 4500090000900000008004100009020002300050082001700073100003400090245012400124260003200248260002600280300002800306440002800334504005000362700002800412942002400440999001500464952011100479 c6602090108t 2004xxu||||| |||| 00| 0 eng d a 0631231935 (hbk.) a658.049bBUS a20080729  aThe Blackwell handbook of global management :b a guide to managing complexity /cedited by Henry W. Lane ... [et al.]. aOxford :b Blackwell,c2004 bDistributer: Al-Ahram axxiii, 476 p. ;c 25 cm aHandbooks in management aIncludes bibliographical references and index aLane, Henry W.,d 1942- cBBk658.049BUS2ddc c6602d6602 00102ddc4070aMAINbMAINc1STd2007-11-27ePurchasel0o658.049 BUSp000008354r2025-07-15 00:00:00yBB